Normal view
MARC view
- Geissman, T. A
Entry Personal Name
001 - CONTROL NUMBER
- control field: 113676
003 - CONTROL NUMBER IDENTIFIER
- control field: NUST
005 - DATE AND TIME OF LATEST TRANSACTION
- control field: 20230717100615.0
008 - FIXED-LENGTH DATA ELEMENTS
- fixed length control field: 230717|| aca||aabn | a|a d
040 ## - CATALOGING SOURCE
- Original cataloging agency: NUST
- Transcribing agency: NUST
100 ## - HEADING--PERSONAL NAME
- Personal name: Geissman, T. A
670 ## - SOURCE DATA FOUND
- Source citation: Work cat.: (NUST)183765: Geissman, T. A., Principles of organic chemistry /, c1977.
